D'un mot à l'autre - Statistiques

Statistiques générales
  • Ce quiz a été pris 41 fois
  • Le résultat moyen est 4 sur 10
Statistiques - réponses
Hint Réponse % Correct
Victorieux de la bataille de Marignan, il fut roi de France de 1515 à 1547. François 1er
83%
De 2013 à 2025, __________ _ fut le premier pape non européen, il était de nationalité… Argentine
77%
Danse _______ qui désigne aussi un cocktail composé de bière et sirop de grenadine. Tango
60%
À _______, quel moyen de transport est le plus répandu ? Gondole
34%
_____ est un groupe de hip-hop américain, originaire de South Jamaica, dans le Queens, à… New York
34%
La ________ est une barque à une rame de couleur… Noire
34%
Complétez le titre de cette pièce de Shakespeare : "Le _________ de…" Venise
34%
___ ____ est citée dans le refrain du tube "Empire State of Mind", interprété par Jay-Z et… Alicia Keys
29%
Qui a chanté "Moi je suis _____" en 1975 ? Guy Marchand
29%
Cette pierre est aussi appelée "agate _____". Onyx
11%
Aucun quiz correspondant
Distribution des résultats
% des personnes avec chaque résultat
Percentile par nombre de réponses
Votre historique - résultats
Vous n’avez pas pris ce quiz